The Elements of Style Workbook: (Record no. 615029)

000 -LEADER
fixed length control field 00373nam a22001217a 4500
020 ## - INTERNATIONAL STANDARD BOOK NUMBER
International Standard Book Number 978-1642810059
082 ## - DEWEY DECIMAL CLASSIFICATION NUMBER
Classification number 808.042
Author Mark STR
100 ## - MAIN ENTRY--PERSONAL NAME
Personal name Strunk Jr., William
245 ## - TITLE STATEMENT
Title The Elements of Style Workbook:
Remainder of title Writing Strategies with Grammar Book /
Statement of responsibility, etc. William Strunk Jr.
260 ## - PUBLICATION, DISTRIBUTION, ETC.
Place of publication, distribution, etc. Texas;
Name of publisher, distributor, etc. Tip Top Education,
Date of publication, distribution, etc. 2017.
300 ## - PHYSICAL DESCRIPTION
Extent x, 203p. ;
942 ## - ADDED ENTRY ELEMENTS (KOHA)
Source of classification or shelving scheme
Koha item type Book
Holdings
Withdrawn status Lost status Source of classification or shelving scheme Damaged status Not for loan Permanent Location Current Location Shelving location Date acquired Total Checkouts Full call number Barcode Date last seen Price effective from Koha item type
          Central Library (CL) Central Library (CL) Lincoln Corner 10/03/2025   808.042 STR LC-486 10/03/2025 10/03/2025 Book
© 2023 Central Library, National University of Sciences and Technology. All Rights Reserved.